Statistiques concernant Polyèdres uniformes

Cliquez ici pour prendre le quiz!

Statistiques générales

  • Ce quiz a été pris 24 fois
  • Le résultat moyen est 8 sur 80

Statistiques - réponses

Réponse% Correct
Cube
96%
Dodécaèdre
70%
Tétraèdre
65%
Octaèdre
43%
Prismes n-gonaux
39%
Prismes n-grammiques
39%
Icosaèdre
30%
Icosaèdre tronqué
17%
Cube tronqué
13%
Dodécaèdre tronqué
13%
Tétraèdre tronqué
13%
Cuboctaèdre
9%
Grand dodécaèdre
9%
Grand dodécaèdre étoilé
9%
Grand icosaèdre
9%
Octaèdre tronqué
9%
Antiprismes n-gonaux
4%
Antiprismes n-grammiques
4%
Antiprismes n-grammiques croisés
4%
Cube adouci
4%
Cuboctaèdre cubitronqué
4%
Cuboctaèdre tronqué
4%
Cubohémioctaèdre
4%
Dodécadodécaèdre
4%
Dodécadodécaèdre adouci
4%
Dodécadodécaèdre adouci inversé
4%
Dodécadodécaèdre ditrigonal
4%
Dodécadodécaèdre icositronqué
4%
Dodécadodécaèdre tronqué
4%
Dodécaèdre adouci
4%
Grand cubicuboctaèdre
4%
Grand cuboctaèdre tronqué
4%
Grand dirhombicosidodécaèdre
4%
Grand dodécaèdre étoilé tronqué
4%
Grand dodécaèdre tronqué
4%
Grand dodécahémicosaèdre
4%
Grand dodécahémidodécaèdre
4%
Grand dodécicosaèdre
4%
Grand dodécicosidodécaèdre
4%
Grand dodécicosidodécaèdre adouci
4%
Grand dodécicosidodécaèdre ditrigonal
4%
Grand icosaèdre tronqué
4%
Grand icosicosidodécaèdre
4%
Grand icosidodécaèdre
4%
Grand icosidodécaèdre adouci
4%
Grand icosidodécaèdre adouci inversé
4%
Grand icosidodécaèdre ditrigonal
4%
Grand icosidodécaèdre rétroadouci
4%
Grand icosidodécaèdre tronqué
4%
Grand icosihémidodécaèdre
4%
Grand rhombicosidodécaèdre
4%
Grand rhombicuboctaèdre
4%
Grand rhombidodécaèdre
4%
Grand rhombihexaèdre
4%
Hexaèdre tronqué étoilé
4%
Icosidodécadodécaèdre
4%
Icosidodécadodécaèdre adouci
4%
Icosidodécaèdre
4%
Icosidodécaèdre tronqué
4%
Octahémioctaèdre
4%
Petit cubicuboctaèdre
4%
Petit dodécaèdre étoilé
4%
Petit dodécaèdre étoilé tronqué
4%
Petit dodécahémicosaèdre
4%
Petit dodécahémidodécaèdre
4%
Petit dodécicosaèdre
4%
Petit dodécicosidodécaèdre
4%
Petit dodécicosidodécaèdre ditrigonal
4%
Petit icosicosidodécaèdre
4%
Petit icosicosidodécaèdre adouci
4%
Petit icosicosidodécaèdre rétroadouci
4%
Petit icosidodécaèdre ditrigonal
4%
Petit icosihémidodécaèdre
4%
Petit rhombicosidodécaèdre
4%
Petit rhombicuboctaèdre
4%
Petit rhombidodécaèdre
4%
Petit rhombihexaèdre
4%
Rhombicosaèdre
4%
Rhombidodécadodécaèdre
4%
Tétrahémihexaèdre
4%

Distribution des résultats

Percentile par nombre de réponses

% des personnes avec chaque résultat

Votre développement - résultats

Vous n’avez pas pris ce quiz